01194nam a2200313 i 450000100060000000300090000600500170001500700030003200800410003502000180007608000190009408000220011308000230013508000190015808000140017708000190019110000340021024500530024426000440029730000200034150000340036150502040039565000410059965100470064065100480068765100770073571000320081285200360084416071ES-MaACL20250730153542.0t|000621s1995 sp ||||1| spa d a84-920640-0-5 a946.0"1517/56" a929 Carlos (460)I a929 Felipe (460)II a946.0"1556/98" a980.3"15" a342.7(=97/=98)1 aSepúlveda, Juan Ginés de.10aObras completas / cJuan Ginés de Sepúlveda. aPozoblanco : bAyuntamiento, c1995-98. a4 v. ; c25 cm. aTexto en latín y español.8 aI. Historia de Carlos V, libros I-V-- II. Historia de Carlos V, libros VI-X-- III. Demócrates segundo. Apología en favor del libro sobre las justas causas de la guerra-- IV. Historia de Felipe II14aIndios de América-xTrato recibido 4aEspaña-xHistoria-y1516-1556, Carlos I. 4aEspaña-xHistoria-y1556-1598, Felipe II. 4aAmérica española-xHistoria-y1492-1600 (Descubrimiento y conquista)1 aPozoblanco. bAyuntamiento. aES-MaACLjL-23256-59 bR.128364